Meilleur jeune joueur Ligue 1 (24/25) - Statistiques

Statistiques générales
  • Ce quiz a été pris 73 fois
  • Le résultat moyen est 6 sur 16
Statistiques - réponses
Hint Réponse % Correct
Maroc Ben seghir
68%
Bresil Santos
67%
Islande Haraldsson
54%
Portugal Neves
51%
Angleterre Rowe
49%
Argentine Almada
46%
France Doué
39%
Portugal Moreira
39%
Fance Cherki
28%
Belgique Fofana
26%
Côte d'ivoire Guessand
23%
France Barcola
19%
France Akliouche
14%
France Zaïre-Emery
14%
France Kalimundo
9%
France Bouaddi
7%
Aucun quiz correspondant
Distribution des résultats
% des personnes avec chaque résultat
Percentile par nombre de réponses
Votre historique - résultats
Vous n’avez pas pris ce quiz